000 00484cam a2200193ua 4500
020 _c21.00
041 _aeng
_h
082 _a828.09
_bDAH/TR
100 _aDahlberg, Edward .
245 _aTruth is more sacred /
_cEdwared Dahlberg.
_hTextual Documents
250 _a1 /
_b.
260 _aLondon :
_bRoutledge & Kegan Paul Ltd ,
_c1961.
300 _a222 ;
_eAtlas.
365 _a21.00
504 _a
700 1 _aRead, Herbert.
942 _cBK
999 _c5295
_d5295